Sexuality, citizenship and belonging : trans-national and intersectional perspectives /

Kaydedildi:
Detaylı Bibliyografya
Diğer Yazarlar: Stella, Francesca, (1975- )
Materyal Türü: Kitap
Dil:İngilizce
Baskı/Yayın Bilgisi: New York : Routledge, 2016
Seri Bilgileri:Routledge advances in critical diversities
Etiketler: Etiketle
Etiket eklenmemiş, İlk siz ekleyin!

MARC

LEADER 00000nam a22000007i 4500
001 IT\ICCU\UBO\4295342
003 ItRI
005 20260115232010.0
008 180205s2016 xxu|||||| ||||| |||||c
020 |a 9781138805040 (hbk) 
040 |b ita  |c importazione bologna sebina 
041 7 |a eng  |2 ISO-639-2 
245 0 0 |a Sexuality, citizenship and belonging :  |b trans-national and intersectional perspectives /  |c edited by Francesca Stella ... [et al.]. 
260 |a New York :  |b Routledge,  |c 2016 
300 |a vi, 253 p. :  |b ill. ;  |c 24 cm 
700 1 |a Stella, Francesca,  |d  (1975- )  |0 IT\ICCU\UBOV\451961 
830 0 |a Routledge advances in critical diversities  |0 IT\ICCU\USM\1989722 
942 |2 ddc  |c BK  |n 0 
952 |0 0  |1 0  |4 0  |6 DOC_306_760000000000000_STE  |7 0  |9 18642  |a BO  |b BO  |d 2026-01-15  |i 18606  |l 0  |o DOC 306.76 STE  |p BO18606  |r 2026-01-15 23:20:10  |w 2026-01-15  |x [Sebina 5] [1 v.]  |y BK  |z 1 v. 
999 |c 15806  |d 15806